| 000 | 00717nam a2200229Ia 4500 | ||
|---|---|---|---|
| 003 | OSt | ||
| 005 | 20230519124140.0 | ||
| 008 | 210423s2009 xx 000 0 und d | ||
| 020 | _a978-0-387-76500-6 | ||
| 040 | _cAL | ||
| 041 | _aeng | ||
| 082 |
_a620.11299 _223 _b WILT |
||
| 100 |
_aWILLIAMS (David B);CARTER (C Barry) _9109667 |
||
| 245 |
_aTransmission electron microscopy: part 1: basics Ed 2 _bTextbook for materials science |
||
| 250 | _a2 | ||
| 260 |
_aNew York _bSpringer Verlag _c2009 |
||
| 300 |
_alxii,193 _bPB |
||
| 365 |
_b1311.56 _cINR |
||
| 650 |
_aEngineering _9109668 |
||
| 906 | _a1: ; basics ; Ed ; electron ; materials ; microscopy: ; science ; Textbook ; Transmission | ||
| 942 |
_2ddc _cBK |
||
| 999 |
_c166861 _d166861 |
||